000 00711nam a22001817a 4500
999 _c59740
_d59740
003 Ge_BSU
005 20230410101408.0
008 230410s1990 ge ||||| |||| 00| 0 geo d
041 _ageo
080 _a94(37) ჯ-27
100 _aჯანელიძე, თ.
_917565
245 _aმოთხრობები ძველი რომის ისტორიიდან
_cთ. ჯანელიძე; რედ.: ლ. სანიკიძე.
264 _aთბილისი :
_b განათლება,
_c1990.
300 _a135გვ. ;
_b19სმ.
653 _aძველი რომის ისტორია
700 _aსანიკიძე, ლ.
_9476
942 _2udc
_cBK